Normas de auditora̕, para atestiguar, revisin̤ y otros servicios relacionados Versin̤ profesional 2022

Detalles Bibliográficos
Formato: eBook
Lenguaje:español
Publicado: Ciudad de Mx̌ico: Instituto Mexicano de Contadores Pb︢licos, 2022
Materias:
Acceso en línea:Acceso restringido

MARC

LEADER 00000nam a22000007a 4500
005 20220727233213.0
007 cr|||| ||||
008 220727s2022 mx |||||s|||| 00||0 spa d
020 |a 978-607-563-173-8 
035 |a 36874 
040 |a vLex 
090 |c 13648  |d 13648 
245 0 0 |a Normas de auditora̕, para atestiguar, revisin̤ y otros servicios relacionados  |h [Recurso electrn̤ico] :  |b Versin̤ profesional 2022 
256 |a Servicio en ln̕ea 
260 |a Ciudad de Mx̌ico:  |b Instituto Mexicano de Contadores Pb︢licos,  |c 2022 
300 |a 1 recurso electrn̤ico 
500 |a Para estar a la vanguardia y en sincrona̕ con las publicaciones emitidas por la International Federation of Accountants (IFAC), el Instituto Mexicano de Contadores Pb︢licos, A.C. (IMCP) publica esta nueva edicin̤ de Normas de auditora̕, para atestiguar, revisin̤ y otros servicios relacionados que contiene la traduccin̤ autorizada y vigente del volumen I del Manual de Pronunciamientos Internacionales de Control de Calidad, Auditora̕, Revisin̤, Otros Encargos de Aseguramiento y Servicios Relacionados, y de la NIA 315 (Revisada 2019), Identificacin̤ y valoracin̤ del riesgo de incorreccin̤ material, y la NIA 220 (Revisada), Gestin̤ de la calidad de la auditora̕ de estados financieros. Asimismo, incluye las siguientes Normas Internacionales de Gestin̤ de la Calidad (que reemplazan a la Norma de Control de Calidad), las cuales entran en vigor el 15 de diciembre de 2022: NIGC 1, Norma Internacional de Gestin̤ de la Calidad 1 (Previamente Norma Internacional de Control de Calidad 1), Gestin̤ de la calidad para Firmas de Auditora̕ que realizan Auditora̕s o Revisiones de Estados Financieros u Otros Encargos de Aseguramiento o Servicios Relacionados. NIGC 2, Revisiones de calidad del encargo. Adems̀, la Comisin̤ de Normas de Auditora̕ y Aseguramiento (CONAA) del IMCP presenta las siguientes Normas para Atestiguar (NAT) vigentes a partir del 1 de enero de 2021: 7010, Normas para atestiguar; 7020, Informe sobre exm̀enes y revisiones de informacin̤ financiera proforma; 7030, Informe sobre el examen del control interno relacionado con la preparacin̤ de la informacin̤ financiera; 7040, Exm̀enes sobre el cumplimiento de disposiciones especf̕icas y 7090, Informe de atestiguamiento sobre los controles de una organizacin̤ de servicios; as ̕como la Norma 11010, Encargos para realizar procedimientos convenidos, vigente a partir del 1 de enero de 2022. De esta manera, el Instituto Mexicano de Contadores Pb︢licos, mediante disposiciones de carc̀ter normativo, ofrece un aporte tangible a la profesin̤ en general, a los estudiantes de nuestra carrera, a los docentes y, por supuesto, a toda la comunidad que hace negocios en nuestro pas̕. 
506 1 |a Disponible solo en los productos indicados  |d vLex Global  |d vLex Global (Academic Edition, excluding Law Schools)  |d vLex Global (U.S. Academic Edition, Law Schools)  |d vLex Global (U.S. Academic Edition, excluding Law Schools)  |d vLex Global (Academic Edition, Law Schools) 
650 0 4 |a Economa̕ y negocios  |z Mx̌ico 
650 0 4 |a Contabilidad  |z Mx̌ico 
740 0 |a vLex Libros (Servicio en ln̕ea) 
856 4 0 |u https://app.vlex.com/#/sources/36874  |z Acceso restringido 
942 |c BOOK 
999 0 |a Economy and business 
999 0 |a Accounting